| 000 | 00489nam a22001817a 4500 | ||
|---|---|---|---|
| 003 | CEME | ||
| 005 | 20210628204001.0 | ||
| 008 | 210113b xxu||||| |||| 00| 0 eng d | ||
| 020 | _a9788130915951 | ||
| 040 | _cceme | ||
| 082 | _a808.0665 BIR | ||
| 100 |
_aMalmfors, Birgitta , Garnsworthy, Phil , Grossman, Michael _968138 |
||
| 245 | _aWriting and presenting scientific papers | ||
| 250 | _a2ND | ||
| 260 |
_aNEW DELHI _bVIVA BOOKS _c2011 |
||
| 300 | _aXIV, 153P | ||
| 942 |
_cBK _2ddc |
||
| 999 |
_c575773 _d575773 |
||